00290nam a2200121Ia 4500008004100000100003400041245001500075260002400090300000800114650002200122942000700144999001700151190216s9999||||xx |||||||||||||| ||und|| aAkkitham Achyuthan Namboodiri 0aArangettom bCurrent Booksc1961 a56p aMalayalam Kavitha cBK c24064d24064